| 000 | 00435nam a2200181Ia 4500 | ||
|---|---|---|---|
| 001 | 9892 | ||
| 005 | 20260306161752.0 | ||
| 008 | 260306t2016||||xx |||||||||||||| ||spa|| | ||
| 041 | _aESP | ||
| 082 |
_a808.0461 _bG68 |
||
| 100 |
_aGonzález Ochoa, Rodrigo _eAUT |
||
| 245 | 0 | _aRedacción, composición y estilo | |
| 260 | _c2016 | ||
| 300 |
_a233 páginas : _c23 cm. |
||
| 650 | _aGEN | ||
| 654 | _aCHU | ||
| 942 |
_cLIB _dJUS _fJUS _2ddc _n |
||
| 999 |
_c9892 _d9892 |
||